Makroekonomický pohľad na kapitálový trh

Množstvo problémov, s ktorými dnes zápasia ekonómovia i politici v dôsledku globálnej finančnej krízy je vyvolané podceňovaním, resp. nedostatočnou makroekonomickou analýzou kapitálového trhu, jeho väzbami, interakciami, konsekvenciami na významné makroekonomické rozhodovacie procesy, ktoré determin...

Ausführliche Beschreibung

Gespeichert in:
Bibliographische Detailangaben
1. Verfasser: Piovarčiová, Veronika, 1951-
Format: Buchkapitel
Sprache:Slowakisch
Schlagworte:
Tags: Tag hinzufügen
Keine Tags, Fügen Sie das erste Tag hinzu!

MARC

LEADER 00000nla a2200000 4500
001 0165751
005 20240502072904.6
041 0 |a slo 
044 |a SK 
245 1 0 |a Makroekonomický pohľad na kapitálový trh  |c Veronika Piovarčiová 
520 |a Množstvo problémov, s ktorými dnes zápasia ekonómovia i politici v dôsledku globálnej finančnej krízy je vyvolané podceňovaním, resp. nedostatočnou makroekonomickou analýzou kapitálového trhu, jeho väzbami, interakciami, konsekvenciami na významné makroekonomické rozhodovacie procesy, ktoré determinujú úroveň základných makroekonomických veličín a makroekonomickej rovnováhy. 
610 2 0 |a trh kapitálový 
610 2 0 |a makroekonomika 
610 2 0 |a kríza hospodárska 
610 2 0 |a procesy rozhodovacie 
610 2 0 |a rovnováha hospodárska 
100 1 |a Piovarčiová, Veronika, 1951-